[Event "POL-chT3 Pomorskie"]
[Site "Poland"]
[Date "2007.05.27"]
[Round "?"]
[White "Ziemann, Jaroslaw"]
[Black "Rawicz Galinski, Waclaw"]
[Result "1-0"]
[WhiteElo "2000"]
[BlackElo "2000"]
[PlyCount "94"]
[EventDate "2007.03.25"]
[EventType "team-tourn"]
[EventRounds "10"]
[EventCountry "POL"]
[SourceTitle "EXT 2019"]
[Source "ChessBase"]
[SourceDate "2018.10.10"]
[SourceVersion "1"]
[SourceVersionDate "2018.10.10"]
[SourceQuality "1"]

1. e4 e5 2. Nf3 Nc6 3. Bb5 a6 4. Ba4 Nf6 5. 0-0 b5 6. Bb3 Be7 7. Re1 d6 8. c3 Na5 9. Bc2 c5 10. d3 Nc6 11. h3 0-0 12. Nbd2 Ne8 13. g4 h5 14. Nh2 hxg4 15. hxg4 g6 16. Ndf1 Kg7 17. Qf3 Rh8 18. Bb3 Bf6 19. g5 Bxg5 20. Qxf7+ Kh6 21. Ne3 Ng7 22. Nhg4+ Kh7 23. Kg2 Rf8 24. Rh1+ Bh4 25. Rxh4+ Qxh4 26. Qxf8 Bxg4 27. Qxa8 Bh3+ 28. Kg1 Ne7 29. Qf8 Qg5+ 30. Kh2 Qh4 31. Ng2 Qg4 32. Ne1 Qh4 33. Bg5 Qxg5 34. Kxh3 Nh5 35. Ng2 Nf4+ 36. Nxf4 exf4 37. Kh2 Qh4+ 38. Kg1 Qg4+ 39. Kf1 Qh3+ 40. Ke2 Qh5+ 41. Kd2 Qh4 42. Rf1 a5 43. Qf7+ Kh6 44. Bd5 a4 45. e5 Nxd5 46. Qxd5 Kg7 47. Qb7+ Kg8 1-0